000
00264nam a2200097Ia 4500
008
240331s9999 xx 000 0 und d
082
_b
PEN
100
_a
Kuzhu,M. ed
245
0
_a
Pengal santhippu Malar 2004 :
_b
collection of women's writings and paintings
942
_c
L
999
_c
1515
_d
1515